|
|
|
|
| LEADER |
00756nam a2200229 a 4500 |
| 001 |
14167539 |
| 008 |
091012s2007 maua 001 0 eng d |
| 010 |
|
|
|a \\2005937211
|
| 020 |
|
|
|a 0618640886 (main student text)
|
| 040 |
|
|
|a DLC
|c DLC
|
| 082 |
0 |
0 |
|a 339
|2 21
|
| 100 |
1 |
|
|a Taylor, John.
|
| 245 |
1 |
0 |
|a Macroeconomics /
|c John Taylor.
|
| 250 |
|
|
|a 5th ed.
|
| 260 |
|
|
|a Boston, MA :
|b Houghton Mifflin Co.,
|c 2006.
|
| 300 |
|
|
|a 1 v.(various pagings) :
|b ill. ;
|c 26cm.
|
| 541 |
1 |
|
|e 00017363
|
| 650 |
|
0 |
|a Macroeconomics.
|
| 852 |
4 |
|
|a Ayesha Abed Library
|j General shelf
|
| 942 |
0 |
0 |
|0 1
|
| 999 |
|
|
|c 4515
|d 4515
|
| 952 |
|
|
|0 0
|1 0
|2 ddc
|4 0
|6 339_TAY
|7 0
|9 4248
|a BRACUL
|b BRACUL
|c GEN
|d 2009-10-12
|g 160.00
|l 2
|o 339 TAY
|p 3010017363
|r 2017-05-02
|s 2016-11-28
|t 1
|v 320.00
|w 2009-10-12
|y BK
|